Základy lomové mechaniky /

Hlavní autor: Kunz, Jiří, 1951-
Jazyk: Čeština
Vydáno: Praha : České vysoké učení technické, 1994
Vydání: 2., přeprac. vyd.
Fyzický popis: 172 s.
Knihy
Uloženo v:
LEADER 00822nam a22002412a 4500
001 000137901
003 CZ BrMZK
005 19970103143423.0
008 970103s1994 xr f cze d
015 |a cnb000089510 
035 |a (OCoLC)85661060 
040 |a BOA001  |b cze 
080 |a 531.1(075.8)  |2 MRF 
080 |a 539.382(075.8)  |2 MRF 
100 1 |a Kunz, Jiří,  |d 1951-  |7 ntka173151 
245 1 0 |a Základy lomové mechaniky /  |c Jiří Kunz 
250 |a 2., přeprac. vyd. 
260 |a Praha :  |b České vysoké učení technické,  |c 1994 
300 |a 172 s. 
910 |a BOA001  |b TK-A-0256.274 
990 |a BK 
996 7 |b 2629983404  |c TK-A-0256.274  |l MZK  |r Sklad / do 24 hodin  |n 23  |w 000137901  |u 000010  |a 1  |e BOA001  |j MZK50  |s A 
996 7 |b 2629983405  |c TK-A-0256.274  |l MZK  |r Sklad / do 24 hodin  |n 9  |w 000137901  |u 000020  |a 1  |e BOA001  |j MZK50  |s A